00513 a2200133 4500001000700000020001800007040003200025100002600057245009600083942000700179952008700186952008700273999001900360121505 a9788532635792 cEscola Canadense de Niteroi aMario Sergio Cortella10aQual é a tua Obra? - Inquietações Propositivas sobre Gestão, Liderança e Ética. cBK 00104070a80.1b80.1d2024-02-09l0pA07669r2024-02-09 21:17:24w2024-02-09yBK 00104070a80.1b80.1d2024-02-09l0pA16116r2024-02-09 21:17:24w2024-02-09yBK c121505d121505